[Event "Penang op 11th"]
[Site "Penang"]
[Date "2019.12.10"]
[Round "2"]
[White "Villamayor, Buenaventura"]
[Black "Arellano, Robert"]
[Result "1-0"]
[WhiteElo "2372"]
[BlackElo "2087"]
[PlyCount "84"]
[EventDate "2019.12.09"]
[EventType "swiss"]
[EventRounds "9"]
[EventCountry "MAS"]
[SourceTitle "CBM 193 Extra"]
[Source "ChessBase"]
[SourceDate "2020.01.31"]
[SourceVersion "1"]
[SourceVersionDate "2020.01.31"]
[SourceQuality "1"]

1. c4 f5 2. Nc3 Nf6 3. g3 e5 4. Bg2 Be7 5. d4 d6 6. e3 0-0 7. Nge2 c6 8. b4 Be6 9. d5 cxd5 10. Nxd5 Nc6 11. 0-0 Kh8 12. a3 e4 13. Nef4 Qd7 14. Nxe6 Qxe6 15. Nc7 Qxc4 16. Nxa8 Rxa8 17. Bb2 a6 18. Rc1 Qe6 19. Qd2 Rd8 20. Rfd1 d5 21. Qc3 h5 22. Rc2 h4 23. Qb3 hxg3 24. hxg3 Ng4 25. Rcd2 Bf6 26. Bxf6 Nxf6 27. b5 Ne5 28. Rd4 Kh7 29. bxa6 bxa6 30. Qb7 Rd6 31. Rc1 Nfg4 32. Qc8 Qh6 33. Qxf5+ Rg6 34. Rxd5 Nxe3 35. Qxe5 Nxd5 36. Re1 Nf6 37. Bxe4 Nxe4 38. Qxe4 Qg5 39. Kg2 Kh8 40. Rh1+ Rh6 41. Rxh6+ Qxh6 42. Qh4 Kh7 1-0

[Event "Johor op 6th"]
[Site "Johor"]
[Date "2019.12.06"]
[Round "7"]
[White "Arellano, Robert"]
[Black "Prasannaa, S."]
[Result "1/2-1/2"]
[WhiteElo "2087"]
[BlackElo "2213"]
[PlyCount "66"]
[EventDate "2019.12.02"]
[EventType "swiss"]
[EventRounds "9"]
[EventCountry "MAS"]
[SourceTitle "CBM 193 Extra"]
[Source "ChessBase"]
[SourceDate "2020.01.31"]
[SourceVersion "1"]
[SourceVersionDate "2020.01.31"]
[SourceQuality "1"]

1. d4 a6 2. g3 d5 3. Bg2 c5 4. dxc5 e6 5. e4 Bxc5 6. exd5 Nf6 7. d6 0-0 8. Nh3 e5 9. 0-0 Bg4 10. Qd3 Bxd6 11. Be3 e4 12. Qd2 Nc6 13. Ng5 Qe7 14. Nc3 Rad8 15. Nd5 Nxd5 16. Qxd5 Bf4 17. Qxe4 Bxg5 18. Qxg4 Bxe3 19. fxe3 Qxe3+ 20. Kh1 Rd2 21. Rae1 Qc5 22. Rf5 Qd6 23. c4 g6 24. Rd5 Rxd5 25. cxd5 Ne5 26. Qe4 Rc8 27. Bh3 Re8 28. Be6 fxe6 29. Qxe5 Qxe5 30. Rxe5 Kf7 31. Kg1 exd5 32. Rxd5 Re1+ 33. Kf2 Re6 1/2-1/2

[Event "Bangkok op 14th"]
[Site "Bangkok"]
[Date "2014.04.13"]
[Round "3"]
[White "Thanarotrung, Ratchaphon"]
[Black "Arellano, Robert"]
[Result "1-0"]
[WhiteElo "1893"]
[BlackElo "2122"]
[PlyCount "105"]
[EventDate "2014.04.12"]
[EventType "swiss"]
[EventRounds "9"]
[EventCountry "THA"]
[SourceTitle "CBM 159 Extra"]
[Source "ChessBase"]
[SourceDate "2014.04.24"]
[SourceVersion "1"]
[SourceVersionDate "2014.04.24"]
[SourceQuality "1"]

1. Nf3 d5 2. d4 f5 3. Bf4 Nf6 4. e3 e6 5. Be2 Bd6 6. Ne5 0-0 7. Nd2 c6 8. c3 Qc7 9. 0-0 Nbd7 10. Nxd7 Bxd7 11. Bxd6 Qxd6 12. Nf3 Be8 13. Ne5 g5 14. f4 g4 15. h3 h5 16. Qe1 Nd7 17. Nxd7 Qxd7 18. h4 a5 19. g3 Qd6 20. b3 c5 21. Qd2 b6 22. Rfc1 Bc6 23. Qb2 Rfd8 24. a3 Qd7 25. b4 Bb5 26. Kf2 Bc4 27. Rcb1 cxb4 28. cxb4 Rdc8 29. Bd1 Rc7 30. a4 Bd3 31. Rc1 Rc4 32. b5 Rac8 33. Bb3 Qd6 34. Bxc4 dxc4 35. Qd2 Qd5 36. Qd1 Be4 37. Rc3 Bf3 38. Qf1 e5 39. fxe5 Kh8 40. Rac1 f4 41. Rxc4 fxe3+ 42. Kxe3 Rf8 43. Kd2 Rf7 44. Qd3 Be4 45. Qe3 Bh7 46. Rc8+ Bg8 47. Qh6+ Rh7 48. Qf6+ Rg7 49. Ke3 Qb3+ 50. R8c3 Qd5 51. Rc7 Bf7 52. Rxf7 Qxf7 53. Qh6+ 1-0

[Event "Dubai op 13th"]
[Site "Dubai"]
[Date "2011.04.17"]
[Round "8"]
[White "Carlstedt, Jonathan"]
[Black "Arellano, Robert"]
[Result "1/2-1/2"]
[WhiteElo "2386"]
[BlackElo "2060"]
[PlyCount "89"]
[EventDate "2011.04.10"]
[EventType "swiss"]
[EventRounds "9"]
[EventCountry "UAE"]
[SourceTitle "CBM 141 Extra"]
[Source "ChessBase"]
[SourceDate "2011.05.03"]
[SourceVersion "1"]
[SourceVersionDate "2011.05.03"]
[SourceQuality "1"]

1. c4 e5 2. g3 Nf6 3. Bg2 Be7 4. Nc3 0-0 5. e4 d6 6. Nge2 Be6 7. d3 c6 8. 0-0 Nfd7 9. f4 f6 10. f5 Bf7 11. g4 Nb6 12. Be3 d5 13. exd5 cxd5 14. c5 N6d7 15. b4 a5 16. Nxd5 axb4 17. Nxe7+ Qxe7 18. Bxb7 Ra5 19. Qb1 b3 20. axb3 Rxa1 21. Qxa1 Nxc5 22. Bg2 Nxb3 23. Qc3 Qd7 24. d4 Rc8 25. Qb2 exd4 26. Nxd4 Nxd4 27. Qxd4 Qxd4 28. Bxd4 Rc4 29. Rd1 Nc6 30. Be3 h6 31. h4 Rxg4 32. Kf2 Ne5 33. Rd4 h5 34. Bf3 Nxf3 35. Kxf3 Bb3 36. Rxg4 Bd1+ 37. Kf4 hxg4 38. Bc5 Kh7 39. Bf8 Kh6 40. Kg3 Kh7 41. Kf4 Kg8 42. Bc5 Kf7 43. Bb4 g6 44. fxg6+ Kxg6 45. Bd6 1/2-1/2

[Event "Dubai op 13th"]
[Site "Dubai"]
[Date "2011.04.10"]
[Round "1"]
[White "Arellano, Robert"]
[Black "Harutjunyan, Gevorg"]
[Result "0-1"]
[WhiteElo "2060"]
[BlackElo "2468"]
[PlyCount "56"]
[EventDate "2011.04.10"]
[EventType "swiss"]
[EventRounds "9"]
[EventCountry "UAE"]
[SourceTitle "CBM 141 Extra"]
[Source "ChessBase"]
[SourceDate "2011.05.03"]
[SourceVersion "1"]
[SourceVersionDate "2011.05.03"]
[SourceQuality "1"]

1. d4 Nf6 2. e3 g6 3. f4 Bg7 4. Nf3 d6 5. Be2 0-0 6. 0-0 Nbd7 7. c4 e5 8. Nc3 exf4 9. exf4 Nb6 10. a4 a5 11. b3 Re8 12. Ra2 Ng4 13. Bd3 c5 14. Nb5 cxd4 15. Nbxd4 Ne3 16. Bxe3 Rxe3 17. f5 Qe7 18. Re2 d5 19. Rfe1 Rxe2 20. Rxe2 Qf8 21. cxd5 Nxd5 22. Qe1 Bd7 23. Bc4 Qc5 24. Qf2 Nb4 25. fxg6 hxg6 26. Re5 Bxe5 27. Bxf7+ Kh8 28. Nxe5 Qxe5 0-1